00531nam a2200169Ia 450000500170000000800460001703700120006304000200007504100130009508400250010824500810013324500390021426000630025330000150031636500130033165000170034420250508162814.0008 250505s9999 xx 000 0 eng d aTextual aFEDLbengcFEDL aeng2eng a016.001 4, ASSqFEDL 0aBibliography of doctroal dissertations 1977-78: Natural and applied sciences 0cAssociation of Indian Universities aNew Delhi, IndiabAssociation of Indian Universitiesc1980 axxxvi,474p aINRb100 aBibliography